Online
Catalog

Poesía contemporánea de Costa Rica : (Record no. 2393)

MARC details
000 -CABECERA
campo de control de longitud fija 00861cam a2200229 a 4500
001 - NÚMERO DE CONTROL
campo de control 000002557
005 - FECHA Y HORA DE LA ÚLTIMA TRANSACCIÓN
campo de control 20200929150219.0
008 - DATOS DE LONGITUD FIJA--INFORMACIÓN GENERAL
campo de control de longitud fija 781228s1978 cr 001 p spa
040 ## - FUENTE DE LA CATALOGACIÓN
Centro catalogador/agencia de origen DO-SdBNP
Lengua de catalogación spa
Centro/agencia transcriptor BNPHU
082 ## - NÚMERO DE LA CLASIFICACIÓN DECIMAL DEWEY
Número de clasificación CR861.44
Número de documento/Ítem P745c, 1978
245 00 - MENCIÓN DE TÍTULO
Título Poesía contemporánea de Costa Rica :
Resto del título antología /
Mención de responsabilidad, etc. selección y prólogo, Carlos Rafael Duverrán ; colaboradores, Laureano Alban, Carlos Luis Altamirano, Arturo Montero Vega.
250 ## - MENCIÓN DE EDICIÓN
Mención de edición 2a ed.
260 ## - PUBLICACIÓN, DISTRIBUCIÓN, ETC.
Lugar de publicación, distribución, etc. San José :
Nombre del editor, distribuidor, etc. Costa Rica,
Fecha de publicación, distribución, etc. 1978.
300 ## - DESCRIPCIÓN FÍSICA
Extensión 443 p. ;
Dimensiones 21 cm.
500 ## - NOTA GENERAL
Nota general Incluye índice
650 #4 - PUNTO DE ACCESO ADICIONAL DE MATERIA--TÉRMINO DE MATERIA
Término de materia o nombre geográfico como elemento de entrada Poesía costarricense
9 (RLIN) 5301
650 #4 - PUNTO DE ACCESO ADICIONAL DE MATERIA--TÉRMINO DE MATERIA
Término de materia o nombre geográfico como elemento de entrada Literatura costarricense
9 (RLIN) 3332
700 1# - PUNTO DE ACCESO ADICIONAL--NOMBRE DE PERSONA
Nombre de persona Duverrán, Carlos Rafael.
Fechas asociadas al nombre 1935-
Término indicativo de función/relación prol.
9 (RLIN) 8054
700 1# - PUNTO DE ACCESO ADICIONAL--NOMBRE DE PERSONA
Nombre de persona Alban, Laureano.
Fechas asociadas al nombre 1942-
9 (RLIN) 8055
700 1# - PUNTO DE ACCESO ADICIONAL--NOMBRE DE PERSONA
Nombre de persona Altamirano, Carlos Luis.
Fechas asociadas al nombre 1876 -
9 (RLIN) 8056
700 1# - PUNTO DE ACCESO ADICIONAL--NOMBRE DE PERSONA
Nombre de persona Montero Vega, Arturo.
9 (RLIN) 8057
Holdings
Estado de retiro Estado de pérdida Restricciones de uso No para préstamo Código de colección Localización permanente Ubicación/localización actual Ubicación en estantería Fecha de adquisición Número de inventario Total de préstamos Signatura topográfica completa Código de barras Fecha visto por última vez Precio válido a partir de Tipo de ítem Koha
    Préstamo interno   Monografías: Libros y Folletos General General En catalogación 14.07.2009 LF1   CR861.44 P745c, 1978 2557-10 25.06.2020 25.06.2020 Préstamo interno

Powered by Koha